<?xml version="1.0" encoding="UTF-8"?>
<record
    xmlns:xsi="http://www.w3.org/2001/XMLSchema-instance"
    xsi:schemaLocation="http://www.loc.gov/MARC21/slim http://www.loc.gov/standards/marcxml/schema/MARC21slim.xsd"
    xmlns="http://www.loc.gov/MARC21/slim">

  <leader>00659nam a22002177a 4500</leader>
  <controlfield tag="008">231015b        |||||||| |||| 00| 0 eng d</controlfield>
  <datafield tag="017" ind1=" " ind2=" ">
    <subfield code="a">LD. 0696</subfield>
  </datafield>
  <datafield tag="018" ind1=" " ind2=" ">
    <subfield code="a">SUP. 2023</subfield>
  </datafield>
  <datafield tag="020" ind1=" " ind2=" ">
    <subfield code="a">9789789832712</subfield>
  </datafield>
  <datafield tag="040" ind1=" " ind2=" ">
    <subfield code="a">NLN</subfield>
    <subfield code="b">English</subfield>
    <subfield code="e">AACR2</subfield>
  </datafield>
  <datafield tag="050" ind1=" " ind2=" ">
    <subfield code="a">HM571</subfield>
    <subfield code="b">.B199</subfield>
  </datafield>
  <datafield tag="082" ind1=" " ind2=" ">
    <subfield code="a">301</subfield>
  </datafield>
  <datafield tag="100" ind1=" " ind2=" ">
    <subfield code="a">BAMMEKE, M. B.</subfield>
    <subfield code="e">aut</subfield>
    <subfield code="9">31476</subfield>
  </datafield>
  <datafield tag="245" ind1=" " ind2=" ">
    <subfield code="a">Elementary sociology /</subfield>
    <subfield code="c">M. B. Bammeke</subfield>
  </datafield>
  <datafield tag="260" ind1=" " ind2=" ">
    <subfield code="a">Offa, Kwara State ( 6, Goodies Patio Road, Avalon Hotel Area ) :</subfield>
    <subfield code="b">Correctman Commercial Press, </subfield>
    <subfield code="c">2020</subfield>
  </datafield>
  <datafield tag="300" ind1=" " ind2=" ">
    <subfield code="a">vii, 89. ;</subfield>
    <subfield code="b">20cm</subfield>
  </datafield>
  <datafield tag="500" ind1=" " ind2=" ">
    <subfield code="a">Bibliography : p. 81-83</subfield>
  </datafield>
  <datafield tag="563" ind1=" " ind2=" ">
    <subfield code="a">(Pbk.)</subfield>
  </datafield>
  <datafield tag="650" ind1=" " ind2=" ">
    <subfield code="a">Sociology</subfield>
    <subfield code="v">Study and teaching</subfield>
    <subfield code="9">5694</subfield>
  </datafield>
  <datafield tag="942" ind1=" " ind2=" ">
    <subfield code="c">BK</subfield>
    <subfield code="n">0</subfield>
  </datafield>
  <datafield tag="999" ind1=" " ind2=" ">
    <subfield code="c">16173</subfield>
    <subfield code="d">16173</subfield>
  </datafield>
  <datafield tag="952" ind1=" " ind2=" ">
    <subfield code="0">0</subfield>
    <subfield code="1">0</subfield>
    <subfield code="2">lcc</subfield>
    <subfield code="4">0</subfield>
    <subfield code="7">0</subfield>
    <subfield code="a">IBA</subfield>
    <subfield code="b">MAIN</subfield>
    <subfield code="d">2023-05-30</subfield>
    <subfield code="e">Legal deposit</subfield>
    <subfield code="i">001372</subfield>
    <subfield code="l">0</subfield>
    <subfield code="o">HM571 .B199</subfield>
    <subfield code="p">001372</subfield>
    <subfield code="r">2023-10-15 00:00:00</subfield>
    <subfield code="t">1</subfield>
    <subfield code="w">2023-10-15</subfield>
    <subfield code="y">BK</subfield>
  </datafield>
  <datafield tag="952" ind1=" " ind2=" ">
    <subfield code="0">0</subfield>
    <subfield code="1">0</subfield>
    <subfield code="2">lcc</subfield>
    <subfield code="4">0</subfield>
    <subfield code="7">0</subfield>
    <subfield code="a">ILO</subfield>
    <subfield code="b">MAIN</subfield>
    <subfield code="d">2023-05-30</subfield>
    <subfield code="e">Legal deposit</subfield>
    <subfield code="i">001373</subfield>
    <subfield code="l">0</subfield>
    <subfield code="o">HM571 .B199</subfield>
    <subfield code="p">001373</subfield>
    <subfield code="r">2023-10-15 00:00:00</subfield>
    <subfield code="t">1</subfield>
    <subfield code="w">2023-10-15</subfield>
    <subfield code="y">BK</subfield>
  </datafield>
</record>
